سلسلة الذهب فيما رواة الإمام الشافعي عن مالك عن نافع عن إبن عمر (رقم التسجيلة. 26352)

تفاصيل مارك
000 -الفاتح
عناصر البيانات ثابتة الطول 01211cam a2200205 i 4500
005 - تاريخ ووقت آخر معاملة
حقل ضبط 20251109113826.0
008 - عناصر البيانات ثابتة الطول
عناصر البيانات ثابتة الطول 250721s1986 le gr 000 0 ara d
082 14 - رقم تصنيف ديوي العشري
رقم التصنيف 213
رقم المادة ع س ق
100 1# - مدخل رئيسي – اسم شخصي
الاسم الشخصي العسقلاني، شهاب الدين أبو الفضل أحمد بن عليإبن حجر إبن حجر
تواريخ خاصة بالشخص 852 ه،
علاقة الشخص بالعمل/ دوره مؤلف.
245 10 - بيان العنوان
العنوان سلسلة الذهب فيما رواة الإمام الشافعي عن مالك عن نافع عن إبن عمر
بقية العنوان ، ومعه المراسيل ، /
بيان المسؤولية شهاب الدين أبو الفضل أحمد بن عليإبن حجر إبن حجر العسقلاني، الامام داود سليمان بن اشعث السجستاني ؛ تحقيق د. عبد المعطي امين قلعجي.
264 1# - بيانات النشر، التوزيع…إلخ
مكان النشر، التوزيع...إلخ بيروت :
اسم الناشر، الموزع...إلخ دار المعرفة الجامعية،
تاريخ النشر، التوزيع...إلخ 1986.
300 ## - الوصف المادي
عدد الوحدات المكونة للوعاء 247صفحة.
650 17 - مدخل إضافي بالموضوع - مصطلح موضوعي
مصطلح موضوعي أو اسم جغرافي كعنصر مدخل الإسلام.
650 17 - مدخل إضافي بالموضوع - مصطلح موضوعي
مصطلح موضوعي أو اسم جغرافي كعنصر مدخل الحديث الشريف.
700 1# - مدخل إضافي - اسم شخصي
الاسم الشخصي السجستاني، أبي داود سليمان بن أشعث
700 1# - مدخل إضافي - اسم شخصي
الاسم الشخصي السجستاني ، داود سليمان بن اشعث
علاقة الشخص بالعمل/ دوره توفي سنة 275 ه،
تواريخ خاصة بالشخص مؤلف.
700 1# - مدخل إضافي - اسم شخصي
الاسم الشخصي قلعجي، عبد المعطي امين
علاقة الشخص بالعمل/ دوره محقق.
942 ## - بيانات إضافية (كوها)
نوع التنصيف Dewey Decimal Classification
نوع المادة (كوها) مراجع
المقتنيات
حالة السحب حالة الفقدان مصدر التصنيف حالة التلف غير قابل للإعارة المكتبة الرئيسية المكتبة الحالية موقع الرف تاريخ التزويد الرقم المتسلسل Total Checkouts رقم الإستدعاء الباركود تاريخ آخر ظهور تاريخ الفاتورة نوع المادة (كوها)
    Dewey Decimal Classification   Not For Loan المكتبة المركزية المكتبة المركزية مراجع 06/07/2004 122143   م/ 213 / ع س ق 122143 28/07/2025 06/07/2004 مراجع
    Dewey Decimal Classification   Not For Loan المكتبة المركزية المكتبة المركزية مراجع 06/07/2004 123930   م/213/حجر 123930 28/07/2025 06/07/2004 مراجع
Implemented & Customized by: BBB with SCIT (Smart Chains for Information Technology)

Powered by Koha